[Event "Canarias-chT"]
[Site "Vecindario"]
[Date "2019.06.16"]
[Round "6.4"]
[White "Rodriguez Brito, Guillermo A"]
[Black "Leon Manas, Jose Francisco"]
[Result "1/2-1/2"]
[WhiteElo "1370"]
[BlackElo "1663"]
[PlyCount "126"]
[EventDate "2019.06.13"]
[EventType "team-swiss"]
[EventRounds "6"]
[EventCountry "ESP"]
[SourceTitle "EXT 2020"]
[Source "ChessBase"]
[SourceDate "2019.10.17"]
[SourceVersion "1"]
[SourceVersionDate "2019.10.17"]
[SourceQuality "1"]
[WhiteTeam "La Caja de Canarias II"]
[BlackTeam "Anand"]
[WhiteTeamCountry "ESP"]
[BlackTeamCountry "ESP"]

1. d4 d5 2. Nf3 Nf6 3. e3 Nc6 4. Nbd2 h6 5. Be2 Bf5 6. a3 e6 7. c4 Be7 8. h3 a6 9. Nh2 Ne4 10. Nxe4 dxe4 11. Bd2 Qd7 12. Bc3 Bd6 13. Ng4 f6 14. d5 Ne7 15. Bxf6 Bxg4 16. Bxg4 gxf6 17. Bxe6 Bb4+ 18. axb4 Qd6 19. Qh5+ Kd8 20. c5 Qe5 21. Qxe5 fxe5 22. d6 cxd6 23. cxd6 Ng6 24. Rc1 Nf8 25. Bf5 h5 26. h4 Rh6 27. 0-0 Rxd6 28. Rfd1 Rxd1+ 29. Rxd1+ Kc7 30. Bxe4 Rb8 31. Bf3 Nd7 32. Bxh5 Rh8 33. Bg4 Nf6 34. Rc1+ Kd6 35. Bc8 Rxh4 36. Bxb7 Rxb4 37. Rc6+ Ke7 38. Bxa6 Rxb2 39. Rc1 Ne4 40. f3 Ng3 41. Kh2 Nf5 42. Rc3 Rb6 43. Bc8 Nh4 44. Kg3 Ng6 45. Bf5 Nh8 46. e4 Nf7 47. Rc7+ Kf6 48. Rc8 Nh6 49. Bg4 Rb3 50. Rc6+ Kg5 51. Bh3 Ng8 52. Rc7 Nf6 53. Bf5 Nh5+ 54. Kh2 Rb2 55. Re7 Kf4 56. Bg4 Nf6 57. Rf7 Kg5 58. Bf5 Nh5 59. Bg4 Nf6 60. Bh3 Nh5 61. Rf5+ Kh4 62. Rxh5+ Kxh5 63. Kg3 Kg5 1/2-1/2

[Event "Canarias-chT"]
[Site "Vecindario"]
[Date "2019.06.15"]
[Round "5.2"]
[White "Guillermo Gonzalez, Alvaro"]
[Black "Leon Manas, Jose Francisco"]
[Result "1-0"]
[WhiteElo "2023"]
[BlackElo "1663"]
[PlyCount "43"]
[EventDate "2019.06.13"]
[EventType "team-swiss"]
[EventRounds "6"]
[EventCountry "ESP"]
[SourceTitle "EXT 2020"]
[Source "ChessBase"]
[SourceDate "2019.10.17"]
[SourceVersion "1"]
[SourceVersionDate "2019.10.17"]
[SourceQuality "1"]
[WhiteTeam "CajaCanarias"]
[BlackTeam "Anand"]
[WhiteTeamCountry "ESP"]
[BlackTeamCountry "ESP"]

1. e4 e5 2. Nf3 Nc6 3. d4 exd4 4. Nxd4 Qf6 5. Nf3 Bc5 6. Nc3 Nd4 7. Nd5 Nxf3+ 8. gxf3 Qc6 9. Bb5 Bb4+ 10. c3 Bxc3+ 11. bxc3 Qg6 12. Nxc7+ Kd8 13. Nxa8 Qg2 14. Ke2 Qg6 15. Bf4 Nf6 16. Rg1 Qh5 17. Rg5 Qh3 18. Bc7+ Ke8 19. Re5+ Kf8 20. Qd6+ Kg8 21. Qxf6 h6 22. Rg1 1-0

[Event "Las Palmas Insular-chT Segunda 1718"]
[Site "Las Palmas"]
[Date "2017.12.16"]
[Round "4.2"]
[White "Leon Manas, Jose Francisco"]
[Black "Perez Cardona, Jose Fernando"]
[Result "1-0"]
[WhiteElo "1677"]
[BlackElo "1486"]
[PlyCount "29"]
[EventDate "2017.10.28"]
[EventType "team-swiss"]
[EventRounds "9"]
[EventCountry "ESP"]
[SourceTitle "EXT 2019"]
[Source "ChessBase"]
[SourceDate "2018.10.10"]
[SourceVersion "1"]
[SourceVersionDate "2018.10.10"]
[SourceQuality "1"]
[WhiteTeam "Anand III"]
[BlackTeam "Cadetra"]
[WhiteTeamCountry "ESP"]
[BlackTeamCountry "ESP"]

1. b4 e5 2. b5 a6 3. Bb2 d6 4. a4 axb5 5. axb5 Rxa1 6. Bxa1 Bd7 7. e3 c6 8. c4 Nf6 9. Nf3 g6 10. Qb3 Qb6 11. Ng5 cxb5 12. c5 Be6 13. Nxe6 dxc5 14. Bxb5+ Nbd7 15. Ng5 1-0

[Event "Las Palmas Insular-chT Primera-B"]
[Site "Las Palmas"]
[Date "2016.03.05"]
[Round "13.2"]
[White "De Leon Navarro, Claudio"]
[Black "Leon Manas, Jose Francisco"]
[Result "1-0"]
[WhiteElo "1574"]
[BlackElo "1685"]
[PlyCount "117"]
[EventDate "2015.10.17"]
[EventType "team-tourn"]
[EventRounds "14"]
[EventCountry "ESP"]
[SourceTitle "EXT 2017"]
[Source "ChessBase"]
[SourceDate "2016.10.25"]
[SourceVersion "1"]
[SourceVersionDate "2016.10.25"]
[SourceQuality "1"]
[WhiteTeam "Hotel Avda de Canarias V"]
[BlackTeam "Anand III"]
[WhiteTeamCountry "ESP"]
[BlackTeamCountry "ESP"]

1. e4 e5 2. Nf3 Nc6 3. Bb5 a6 4. Ba4 Nf6 5. d3 b5 6. Bb3 Bc5 7. 0-0 0-0 8. Be3 Bxe3 9. fxe3 d6 10. Qe1 Qd7 11. a3 Bb7 12. Nc3 Ne7 13. Ne2 Qg4 14. h3 Qg6 15. Ng3 Nh5 16. Nxh5 Qxh5 17. Qg3 Kh8 18. Ng5 d5 19. Qxe5 f6 20. Qxe7 Qxg5 21. exd5 Rae8 22. Qxc7 Qxe3+ 23. Kh1 Bc8 24. Rae1 Qd4 25. Rxe8 Rxe8 26. d6 h6 27. Bf7 Rf8 28. Qe7 Rxf7 29. Qxf7 Kh7 30. Qe7 Qd5 31. Qe4+ Qxe4 32. dxe4 Kg6 33. Rd1 Bd7 34. g4 Kf7 35. Kg2 Ke6 36. Kf3 g5 37. Ke3 Ke5 38. Rd5+ Ke6 39. Rd4 Ke5 40. Rd5+ Ke6 41. Rd4 Ke5 42. Kd3 Ke6 43. Kc3 Ke5 44. Rd3 Kxe4 45. Kb4 Ke5 46. Ka5 Ke6 47. Kxa6 Bc6 48. Kb6 Kd7 49. b3 Bg2 50. a4 h5 51. axb5 hxg4 52. hxg4 Bf1 53. Rf3 Be2 54. Rxf6 Bxg4 55. Rg6 Bf5 56. Rxg5 Bxc2 57. Rd5 Bxb3 58. Rd2 Be6 59. Ka7 1-0

[Event "Las Palmas Insular-chT Primera-B"]
[Site "Las Palmas"]
[Date "2016.01.09"]
[Round "8.2"]
[White "Santana Chacopino, Carlos"]
[Black "Leon Manas, Jose Francisco"]
[Result "0-1"]
[WhiteElo "1437"]
[BlackElo "1685"]
[PlyCount "80"]
[EventDate "2015.10.17"]
[EventType "team-tourn"]
[EventRounds "14"]
[EventCountry "ESP"]
[SourceTitle "CBM 170 Extra"]
[Source "ChessBase"]
[SourceDate "2016.02.25"]
[SourceVersion "1"]
[SourceVersionDate "2016.02.25"]
[SourceQuality "1"]
[WhiteTeam "Hotel Avda de Canarias IV"]
[BlackTeam "Anand III"]
[WhiteTeamCountry "ESP"]
[BlackTeamCountry "ESP"]

1. d4 d5 2. Bf4 Nf6 3. Nf3 Bg4 4. Nbd2 e6 5. h3 Bh5 6. g4 Bg6 7. Ne5 Nc6 8. Nxg6 hxg6 9. c3 Be7 10. Qc2 Nh7 11. Nf3 f5 12. 0-0-0 Nf6 13. gxf5 gxf5 14. Ne5 Bd6 15. f3 Nh5 16. Bh2 Qg5+ 17. Kb1 Bxe5 18. dxe5 f4 19. Rg1 Qxe5 20. Qg6+ Ke7 21. e4 dxe4 22. fxe4 Raf8 23. Be2 Rf6 24. Qg5 Qxe4+ 25. Bd3 Qe3 26. Rge1 Qxh3 27. Bxf4 Nxf4 28. Qxg7+ Rf7 29. Qg5+ Kf8 30. Qc5+ Ke8 31. Bb5 Qf5+ 32. Qxf5 Rxf5 33. Bxc6+ bxc6 34. Rd4 Rhf8 35. Red1 Rd5 36. Kc2 Ng2 37. R1d2 Ne1+ 38. Kb3 Nf3 39. R2d3 Nxd4+ 40. Rxd4 c5 0-1

[Event "Las Palmas Insular-chT Pref-A"]
[Site "Las Palmas"]
[Date "2015.02.28"]
[Round "8.4"]
[White "Sanchez Perez, Pedro Javier"]
[Black "Leon Manas, Jose Francisco"]
[Result "1-0"]
[WhiteElo "1973"]
[BlackElo "1695"]
[PlyCount "121"]
[EventDate "2014.11.22"]
[EventType "team-tourn"]
[EventRounds "14"]
[EventCountry "ESP"]
[SourceTitle "EXT 2016"]
[Source "ChessBase"]
[SourceDate "2015.10.08"]
[SourceVersion "1"]
[SourceVersionDate "2015.10.08"]
[SourceQuality "1"]
[WhiteTeam "La Bagacera"]
[BlackTeam "Anand Iberia II"]
[WhiteTeamCountry "ESP"]
[BlackTeamCountry "ESP"]

1. e4 e5 2. Bc4 Nf6 3. d3 Nc6 4. Bg5 Bc5 5. Nf3 d6 6. Nc3 Bg4 7. Nd5 Na5 8. h3 Nxc4 9. hxg4 Nb6 10. Nxf6+ gxf6 11. Bh4 Nd7 12. g5 fxg5 13. Nxg5 Qf6 14. Qh5 h6 15. Nf3 Qg7 16. 0-0-0 Nf6 17. Qf5 Ng4 18. Nh2 h5 19. Nxg4 Qxg4 20. Qf6 Qf4+ 21. Qxf4 exf4 22. d4 Bb6 23. Bg5 f3 24. gxf3 Kd7 25. Rh4 Ke6 26. Be3 d5 27. Rdh1 dxe4 28. fxe4 f6 29. Rxh5 Rhf8 30. Rh6 Rf7 31. Rg6 Rd8 32. c3 c6 33. Rhh6 Ke7 34. e5 Rdf8 35. exf6+ Ke6 36. Rg7 Kf5 37. Kd2 Rxg7 38. fxg7 Rg8 39. Rh5+ Kg6 40. Rg5+ Kf6 41. Kd3 a6 42. a4 a5 43. Rg4 Kf5 44. Rf4+ Kg6 45. d5 Bc7 46. Rg4+ Kf5 47. Rg5+ Kf6 48. dxc6 bxc6 49. Rc5 Kxg7 50. Rg5+ Kf7 51. Rxg8 Kxg8 52. Kc4 Kf7 53. Kc5 Ke7 54. Kxc6 Be5 55. Bb6 Bf4 56. Bxa5 Bc1 57. b4 Bd2 58. b5 Be1 59. b6 Bxf2 60. b7 Bg3 61. Bc7 1-0

[Event "Las Palmas Insular-chT 1a 1314"]
[Site "Las Palmas"]
[Date "2014.03.22"]
[Round "12.4"]
[White "Leon Manas, Jose Francisco"]
[Black "Mena Trujillo, Yeray"]
[Result "0-1"]
[WhiteElo "1686"]
[BlackElo "1811"]
[PlyCount "36"]
[EventDate "2013.11.09"]
[EventType "team-tourn"]
[EventRounds "14"]
[EventCountry "ESP"]
[SourceTitle "EXT 2015"]
[Source "ChessBase"]
[SourceDate "2014.11.20"]
[SourceVersion "1"]
[SourceVersionDate "2014.11.20"]
[SourceQuality "1"]
[WhiteTeam "Anand  II"]
[BlackTeam "Grandama Santa Lucia"]
[WhiteTeamCountry "ESP"]
[BlackTeamCountry "ESP"]

1. b4 e5 2. Bb2 Bxb4 3. Bxe5 Nf6 4. e3 0-0 5. a3 Be7 6. Bc4 d5 7. Ba2 c5 8. Bb2 d4 9. exd4 Qb6 10. Bc1 Re8 11. d5 c4 12. Ne2 Bc5 13. 0-0 Ng4 14. Qe1 Qd6 15. g3 Ne5 16. Kg2 Qxd5+ 17. f3 Bg4 18. d4 Nxf3 0-1

[Event "Las Palmas Insular-chT Primera-A"]
[Site "Las Palmas"]
[Date "2013.12.14"]
[Round "4.4"]
[White "Leon Manas, Jose Francisco"]
[Black "Suarez Fleitas, Alberto"]
[Result "1-0"]
[WhiteElo "1686"]
[BlackElo "1472"]
[PlyCount "35"]
[EventDate "2013.11.09"]
[EventType "team-tourn"]
[EventRounds "14"]
[EventCountry "ESP"]
[SourceTitle "EXT 2015"]
[Source "ChessBase"]
[SourceDate "2014.11.20"]
[SourceVersion "1"]
[SourceVersionDate "2014.11.20"]
[SourceQuality "1"]
[WhiteTeam "Anand "]
[BlackTeam "Maspalomas "]
[WhiteTeamCountry "ESP"]
[BlackTeamCountry "ESP"]

1. b4 d5 2. Bb2 e6 3. b5 Bd7 4. e3 Nf6 5. Nf3 c6 6. a4 Be7 7. c4 dxc4 8. Bxc4 0-0 9. Qc2 cxb5 10. axb5 Qc7 11. Ng5 g6 12. Qc3 Bc8 13. h4 Nbd7 14. h5 Qe5 15. Qxe5 Nxe5 16. Bxe5 Ng4 17. Nf3 Nxe5 18. Nxe5 1-0

[Event "Las Palmas Capablanca Memorial 1st"]
[Site "Las Palmas"]
[Date "2013.05.07"]
[Round "3"]
[White "Leon Manas, Jose Francisco"]
[Black "Sanchez Quintero, Raul"]
[Result "0-1"]
[WhiteElo "1707"]
[BlackElo "2146"]
[PlyCount "84"]
[EventDate "2013.04.30"]
[EventType "swiss"]
[EventRounds "7"]
[EventCountry "ESP"]
[SourceTitle "EXT 2024"]
[Source "ChessBase"]
[SourceDate "2023.10.10"]
[SourceVersion "1"]
[SourceVersionDate "2023.10.10"]
[SourceQuality "1"]

1. b4 e5 2. b5 Nf6 3. Bb2 d6 4. e3 Be7 5. Nf3 0-0 6. c4 a6 7. a4 axb5 8. axb5 Rxa1 9. Bxa1 Nbd7 10. Nc3 c6 11. Qa4 Nc5 12. Qa7 Re8 13. Be2 Bf5 14. Bb2 Bd3 15. Ba3 cxb5 16. Nxb5 Bxe2 17. Kxe2 e4 18. Nfd4 Qc8 19. h3 g6 20. Rc1 Nfd7 21. Rc3 Ne5 22. Bxc5 dxc5 23. Nb3 Rd8 24. Qb6 Qf5 25. Nxc5 Rxd2+ 26. Kxd2 Bxc5 27. Qd8+ Kg7 28. Qh4 Bb4 29. Nd4 Qd7 30. Qxe4 Nxc4+ 31. Kc2 Bxc3 32. Kxc3 Qc7 33. Kb4 Na5 34. Nb5 Nc6+ 35. Kb3 Qb6 36. Kc4 Qa6 37. Kc5 Qa2 38. f4 Qa1 39. Nd4 Qc3+ 40. Kb6 Qa5+ 41. Kxb7 Qa7+ 42. Kxc6 Qa8+ 0-1

[Event "Las Palmas Insular-chT Primera-A"]
[Site "Las Palmas"]
[Date "2013.01.19"]
[Round "6.3"]
[White "Leon Manas, Jose Francisco"]
[Black "Ramirez Maillo, Juan Adonay"]
[Result "0-1"]
[WhiteElo "1738"]
[BlackElo "1654"]
[PlyCount "86"]
[EventDate "2012.11.10"]
[EventType "team-tourn"]
[EventRounds "14"]
[EventCountry "ESP"]
[SourceTitle "EXT 2014"]
[Source "ChessBase"]
[SourceDate "2013.11.20"]
[SourceVersion "1"]
[SourceVersionDate "2013.11.20"]
[SourceQuality "1"]
[WhiteTeam "Hispafrica "]
[BlackTeam "Cajota 64"]
[WhiteTeamCountry "ESP"]
[BlackTeamCountry "ESP"]

1. b4 c6 2. Bb2 a5 3. a3 axb4 4. axb4 Rxa1 5. Bxa1 Qb6 6. c3 e5 7. e3 d5 8. Na3 Nf6 9. Nf3 Bd6 10. Be2 0-0 11. Qb3 e4 12. Nd4 Nbd7 13. Nac2 Ne5 14. f4 exf3 15. gxf3 Qc7 16. b5 c5 17. b6 Qd8 18. Nb5 Qxb6 19. f4 c4 20. Qb1 Nd3+ 21. Bxd3 cxd3 22. Ncd4 Re8 23. Kf2 Ne4+ 24. Ke1 Bxf4 25. Qxd3 Qh6 26. Nf3 Qa6 27. Qb1 Bg4 28. Nbd4 Bxf3 29. Nxf3 Nd6 30. Kf2 Ne4+ 31. Ke1 Bc7 32. Rg1 Ra8 33. Bb2 g6 34. h4 Bg3+ 35. Kd1 Qa4+ 36. Kc1 Nf2 37. h5 Ne4 38. hxg6 hxg6 39. d3 Bf2 40. Re1 Bxe1 41. Nxe1 Nc5 42. Nf3 Nb3+ 43. Kd1 Nd4+ 0-1

[Event "Las Palmas Insular-chT Primera-A"]
[Site "Las Palmas"]
[Date "2012.11.10"]
[Round "1.3"]
[White "Leon Manas, Jose Francisco"]
[Black "Arroyo Palacios, Jose Maria"]
[Result "0-1"]
[WhiteElo "1738"]
[BlackElo "1724"]
[PlyCount "74"]
[EventDate "2012.11.10"]
[EventType "team-tourn"]
[EventRounds "14"]
[EventCountry "ESP"]
[SourceTitle "EXT 2014"]
[Source "ChessBase"]
[SourceDate "2013.11.20"]
[SourceVersion "1"]
[SourceVersionDate "2013.11.20"]
[SourceQuality "1"]
[WhiteTeam "Hispafrica "]
[BlackTeam "Casa Museo El Patio "]
[WhiteTeamCountry "ESP"]
[BlackTeamCountry "ESP"]

1. b4 f5 2. e3 Nf6 3. Bb2 e6 4. b5 a6 5. a4 Be7 6. Nf3 0-0 7. c4 b6 8. Qc2 d6 9. Nc3 Bb7 10. Be2 a5 11. 0-0 Qe8 12. d4 Nbd7 13. Ng5 Bd8 14. h4 h6 15. Nh3 Ne4 16. g3 Ndf6 17. Nf4 g5 18. Ng2 Qg6 19. Bf3 Rb8 20. Qd1 Nxc3 21. Bxc3 Ne4 22. Bb2 Bf6 23. Qc2 Qg7 24. Kh2 e5 25. d5 Nc5 26. Be2 f4 27. exf4 exf4 28. Bxf6 Qxf6 29. gxf4 gxh4 30. Rg1 Kh8 31. Bg4 Rbe8 32. Ra3 Rg8 33. Bh5 Re7 34. f5 Ne4 35. Bg6 Bc8 36. f3 Qe5+ 37. Kh3 Qg3# 0-1

[Event "Las Palmas Insular-chT Primera-A"]
[Site "Las Palmas"]
[Date "2012.02.11"]
[Round "9.3"]
[White "Dominguez Diaz, Nestor"]
[Black "Leon Manas, Jose Francisco"]
[Result "0-1"]
[WhiteElo "1873"]
[BlackElo "1720"]
[PlyCount "48"]
[EventDate "2011.11.12"]
[EventType "team-tourn"]
[EventRounds "14"]
[EventCountry "ESP"]
[SourceTitle "EXT 2013"]
[Source "ChessBase"]
[SourceDate "2012.11.22"]
[SourceVersion "1"]
[SourceVersionDate "2012.11.22"]
[SourceQuality "1"]
[WhiteTeam "Telde Los Llanos"]
[BlackTeam "Anand Iberia"]
[WhiteTeamCountry "ESP"]
[BlackTeamCountry "ESP"]

1. e4 e5 2. Nf3 Nc6 3. Bc4 Bc5 4. 0-0 Nf6 5. d4 Bxd4 6. Nxd4 Nxd4 7. Bg5 d6 8. f4 Qe7 9. Nc3 c6 10. fxe5 dxe5 11. Ne2 Ne6 12. Bxf6 gxf6 13. Kh1 Rg8 14. Qd2 Rg6 15. Rf2 Qc5 16. Rf3 Qxc4 17. Rd1 Qxe4 18. Ng3 Qd4 19. Rd3 Qb6 20. c3 Qc7 21. h4 b5 22. h5 Rg5 23. Ne4 Rxh5+ 24. Kg1 Qb6+ 0-1

[Event "Las Palmas Insular-chT Primera-A"]
[Site "Las Palmas"]
[Date "2011.12.10"]
[Round "3.3"]
[White "Montesdeoca Arteta, Jose Andres"]
[Black "Leon Manas, Jose Francisco"]
[Result "1-0"]
[WhiteElo "1487"]
[BlackElo "1720"]
[PlyCount "111"]
[EventDate "2011.11.12"]
[EventType "team-tourn"]
[EventRounds "14"]
[EventCountry "ESP"]
[SourceTitle "EXT 2013"]
[Source "ChessBase"]
[SourceDate "2012.11.22"]
[SourceVersion "1"]
[SourceVersionDate "2012.11.22"]
[SourceQuality "1"]
[WhiteTeam "Cadetra"]
[BlackTeam "Anand Iberia"]
[WhiteTeamCountry "ESP"]
[BlackTeamCountry "ESP"]

1. e4 c5 2. Nf3 Nc6 3. d4 cxd4 4. Nxd4 Nf6 5. Nc3 g6 6. Be3 Bg7 7. Be2 d6 8. 0-0 0-0 9. Nb3 a6 10. a4 Bd7 11. a5 h6 12. Bb6 Qc8 13. Qd2 Ne5 14. f3 Nc4 15. Bxc4 Qxc4 16. Qd4 Qc6 17. Qd3 Nh5 18. Nd5 Rae8 19. Nc7 Rc8 20. Nd5 Rfe8 21. c3 Qb5 22. Qxb5 Bxb5 23. Rfd1 Be5 24. Nc7 Rf8 25. Nxb5 axb5 26. Nd4 Bxd4+ 27. Rxd4 Rc4 28. Rxc4 bxc4 29. Ra4 Rc8 30. Rb4 Nf4 31. Be3 g5 32. Bxf4 gxf4 33. Rxb7 Kf8 34. a6 Ra8 35. a7 Kg7 36. Rxe7 Kf6 37. Rb7 Ke6 38. Kf2 f5 39. exf5+ Kxf5 40. g4+ Kf6 41. h4 d5 42. Ke2 Kg6 43. Kd2 Kf6 44. Kc2 Ke6 45. Kb1 Kd6 46. Ka2 Kc6 47. Rf7 Kb6 48. Ka3 Kc5 49. b4+ Kd6 50. Ka4 Kc6 51. Ka5 d4 52. cxd4 c3 53. b5+ Kd5 54. b6 Kxd4 55. Rc7 Kd3 56. Ka6 1-0

[Event "Las Palmas op 32nd"]
[Site "Las Palmas"]
[Date "2011.12.08"]
[Round "9"]
[White "Leon Manas, Jose Francisco"]
[Black "Saad Addin Quintana, Samir N"]
[Result "0-1"]
[WhiteElo "1720"]
[BlackElo "1884"]
[PlyCount "44"]
[EventDate "2011.12.02"]
[EventType "swiss"]
[EventRounds "9"]
[EventCountry "ESP"]
[SourceTitle "CBM 145 Extra"]
[Source "ChessBase"]
[SourceDate "2012.01.03"]
[SourceVersion "1"]
[SourceVersionDate "2012.01.03"]
[SourceQuality "1"]

1. b4 d5 2. Bb2 Nf6 3. Nf3 Nbd7 4. e3 g6 5. c4 dxc4 6. Bxc4 Bg7 7. Qb3 0-0 8. Ng5 e6 9. Bxe6 fxe6 10. Nxe6 Qe7 11. Nxc7+ Kh8 12. Nxa8 Ne5 13. Bxe5 Qxe5 14. Qc3 Qf5 15. d4 Bd7 16. Qc5 Nd5 17. f3 Qd3 18. Nd2 Bb5 19. 0-0-0 Qa3+ 20. Kb1 Bd3+ 21. Ka1 Nxb4 22. Qc1 Qxa2# 0-1

[Event "Las Palmas op 32nd"]
[Site "Las Palmas"]
[Date "2011.12.06"]
[Round "6"]
[White "Leon Manas, Jose Francisco"]
[Black "Gonzalez Intelangelo, Gerardo"]
[Result "0-1"]
[WhiteElo "1720"]
[BlackElo "2048"]
[PlyCount "62"]
[EventDate "2011.12.02"]
[EventType "swiss"]
[EventRounds "9"]
[EventCountry "ESP"]
[SourceTitle "CBM 145 Extra"]
[Source "ChessBase"]
[SourceDate "2012.01.03"]
[SourceVersion "1"]
[SourceVersionDate "2012.01.03"]
[SourceQuality "1"]

1. b4 Nf6 2. Bb2 g6 3. c4 Bg7 4. e3 0-0 5. Nf3 d6 6. Be2 c6 7. Qb3 Nbd7 8. Nc3 e5 9. Ng5 a5 10. a3 Qe7 11. Nge4 Ne8 12. Ng3 h5 13. e4 Qg5 14. Bf3 Nc7 15. Bc1 Qf6 16. Rb1 h4 17. Nge2 h3 18. Ng3 Ne6 19. Nce2 Ng5 20. Rg1 axb4 21. axb4 Nb6 22. Qd3 Be6 23. c5 Nc4 24. Qc3 dxc5 25. bxc5 Na5 26. Qe3 Rfd8 27. d3 Bh6 28. Kf1 Nc4 29. Qxg5 Bxg5 30. Bxg5 Qxg5 31. dxc4 Ra3 0-1